[Event "NCA-chT 1st Stage"]
[Site "Managua"]
[Date "2020.10.10"]
[Round "6.28"]
[White "Espinoza, Vigilio"]
[Black "Avendano, Yader A"]
[Result "0-1"]
[WhiteElo "1827"]
[BlackElo "1520"]
[PlyCount "84"]
[EventDate "2020.10.03"]
[EventType "team-swiss"]
[EventRounds "9"]
[EventCountry "NCA"]
[SourceTitle "EXT 2022"]
[Source "ChessBase"]
[SourceDate "2021.10.06"]
[SourceVersion "1"]
[SourceVersionDate "2021.10.06"]
[SourceQuality "1"]

1. e4 e6 2. d4 d5 3. exd5 exd5 4. c4 Bb4+ 5. Nc3 Bxc3+ 6. bxc3 Nf6 7. Ba3 Be6 8. Qb3 b6 9. Nf3 Nc6 10. cxd5 Bxd5 11. Qa4 Bxf3 12. gxf3 Qd5 13. Bb5 Kd7 14. 0-0-0 a6 15. Be2 Qa5 16. Qb3 Kc8 17. Kb2 Qh5 18. d5 Na5 19. Qc2 Nxd5 20. Qe4 c6 21. c4 Nf6 22. Qe3 Re8 23. Be7 Nd7 24. f4 Qf5 25. Rhg1 g6 26. Rd6 Qc5 27. Qc3 Rxe7 28. Qh8+ Kc7 29. Rxd7+ Kxd7 30. Bg4+ f5 31. Rd1+ Kc7 32. Qxa8 fxg4 33. Qd8+ Kb7 34. Rd7+ Rxd7 35. Qxd7+ Ka8 36. Qc8+ Ka7 37. Qd7+ Nb7 38. Qxg4 Qxc4 39. Qf3 a5 40. h3 Qb4+ 41. Kc2 Qc5+ 42. Kb2 Nd6 0-1

[Event "NCA-ch 2nd phase"]
[Site "Managua"]
[Date "2019.01.27"]
[Round "6"]
[White "Matamoros, Jorge"]
[Black "Avendano, Yader A"]
[Result "1-0"]
[WhiteElo "1681"]
[BlackElo "1414"]
[PlyCount "78"]
[EventDate "2019.01.19"]
[EventType "swiss"]
[EventRounds "9"]
[EventCountry "NCA"]
[SourceTitle "CBM 189 Extra"]
[Source "ChessBase"]
[SourceDate "2019.06.03"]
[SourceVersion "1"]
[SourceVersionDate "2019.06.03"]
[SourceQuality "1"]

1. e4 g6 2. d4 Bg7 3. Bc4 d6 4. Ne2 Nf6 5. f3 0-0 6. Ng3 c5 7. c3 a6 8. 0-0 b5 9. Be2 c4 10. Be3 Nbd7 11. Na3 Bb7 12. Nc2 d5 13. e5 Ne8 14. f4 Nc7 15. f5 e6 16. f6 Nxf6 17. Bg5 Nce8 18. exf6 Nxf6 19. Qd2 h6 20. Bxh6 Ne4 21. Nxe4 dxe4 22. Bxg7 Kxg7 23. Qf4 Qd5 24. Ne3 Qc6 25. Qf6+ Kg8 26. Rf4 e5 27. dxe5 Rfe8 28. Rh4 Qxf6 29. exf6 Re5 30. Ng4 Rh5 31. Rxh5 gxh5 32. Ne3 h4 33. Nf5 Kh7 34. Nxh4 Rg8 35. Rd1 Kh6 36. Rd7 Bc6 37. Rxf7 Bd5 38. Rd7 Bc6 39. Rd6 Bb7 1-0

[Event "Managua Hurtado Memorial 18th"]
[Site "Managua"]
[Date "2018.12.27"]
[Round "3"]
[White "Salinas Barrera, Jovani Enrique"]
[Black "Avendano, Yader A"]
[Result "1-0"]
[WhiteElo "1615"]
[BlackElo "1415"]
[PlyCount "95"]
[EventDate "2018.12.26"]
[EventType "swiss"]
[EventRounds "9"]
[EventCountry "NCA"]
[SourceTitle "EXT 2020"]
[Source "ChessBase"]
[SourceDate "2019.10.17"]
[SourceVersion "1"]
[SourceVersionDate "2019.10.17"]
[SourceQuality "1"]

1. d4 Nf6 2. c4 g6 3. Nc3 Bg7 4. e4 d6 5. Bg5 0-0 6. f3 Nbd7 7. Bd3 c5 8. d5 Ne5 9. Be2 Qb6 10. Qd2 Qb4 11. b3 Re8 12. f4 Ned7 13. Rc1 a6 14. Nf3 Rb8 15. 0-0 h6 16. Bh4 Nh5 17. Be1 Nf8 18. Nh4 Nf6 19. f5 g5 20. Nf3 Nh5 21. g3 Nh7 22. h4 gxh4 23. Nxh4 N5f6 24. Qf4 Qb6 25. Bd2 Ng5 26. Kh2 Kh7 27. Nf3 Nxf3+ 28. Bxf3 Rh8 29. Kg2 Bd7 30. Rh1 Kg8 31. Rh4 Qd8 32. Rch1 Qf8 33. a4 b5 34. cxb5 axb5 35. g4 bxa4 36. bxa4 Ra8 37. g5 hxg5 38. Qxg5 Rxh4 39. Rxh4 Bxa4 40. e5 dxe5 41. Nxa4 Rc8 42. Nb6 Rb8 43. Nc4 Qd8 44. Qg3 Nxd5 45. Bh6 Qf8 46. Bxd5 Rb4 47. Bxg7 Qxg7 48. Rg4 1-0

[Event "Managua Hurtado Memorial 18th"]
[Site "Managua"]
[Date "2018.12.26"]
[Round "1"]
[White "Avendano, Yader A"]
[Black "Flores, Manuel"]
[Result "0-1"]
[WhiteElo "1415"]
[BlackElo "1889"]
[PlyCount "58"]
[EventDate "2018.12.26"]
[EventType "swiss"]
[EventRounds "9"]
[EventCountry "NCA"]
[SourceTitle "EXT 2020"]
[Source "ChessBase"]
[SourceDate "2019.10.17"]
[SourceVersion "1"]
[SourceVersionDate "2019.10.17"]
[SourceQuality "1"]

1. d4 d5 2. Nf3 Nf6 3. c4 c6 4. Nc3 Nbd7 5. Bg5 dxc4 6. a4 Nd5 7. e3 Qa5 8. Rc1 N7b6 9. Bh4 e6 10. Nd2 Bb4 11. Qc2 0-0 12. Be2 Bxc3 13. bxc3 Qxa4 14. Qxa4 Nxa4 15. Nxc4 Ndxc3 16. Bd3 b5 17. Ne5 Bb7 18. e4 f6 19. Nf3 Rad8 20. Rc2 g5 21. Kd2 gxh4 22. Rxc3 Nxc3 23. Kxc3 a5 24. Nxh4 b4+ 25. Kb3 Rxd4 26. Bb1 a4+ 27. Kb2 Rd2+ 28. Kc1 Rfd8 29. f3 b3 0-1

[Event "NCA-chT final"]
[Site "Managua"]
[Date "2018.11.11"]
[Round "9.4"]
[White "Avendano, Yader A"]
[Black "Carranza Narvaez, Sergio Ivan"]
[Result "0-1"]
[WhiteElo "1476"]
[BlackElo "1939"]
[PlyCount "100"]
[EventDate "2018.10.27"]
[EventType "team-tourn"]
[EventRounds "11"]
[EventCountry "NCA"]
[SourceTitle "EXT 2020"]
[Source "ChessBase"]
[SourceDate "2019.10.17"]
[SourceVersion "1"]
[SourceVersionDate "2019.10.17"]
[SourceQuality "1"]

1. d4 g6 2. c4 Bg7 3. Nc3 d6 4. e4 Nd7 5. Be2 c5 6. Nf3 cxd4 7. Nxd4 Ngf6 8. f3 Qa5 9. Be3 Ne5 10. Qa4+ Qxa4 11. Nxa4 Bd7 12. Nc3 Rc8 13. b3 Nh5 14. Rc1 0-0 15. 0-0 h6 16. Nd5 Rfe8 17. Rc2 Nc6 18. Nxc6 bxc6 19. Nf4 Nxf4 20. Bxf4 Bd4+ 21. Kh1 Kh7 22. Bg3 e5 23. Bf2 c5 24. Bxd4 exd4 25. Bd3 f5 26. Re2 Re7 27. Rfe1 Rce8 28. Kg1 Kg7 29. Kf1 Kf6 30. Kf2 a5 31. a3 Rb8 32. Rb2 Bc6 33. exf5 Rxe1 34. Kxe1 gxf5 35. Kf2 h5 36. f4 h4 37. Be2 Be4 38. Bd1 d5 39. cxd5 Bxd5 40. g3 hxg3+ 41. hxg3 c4 42. b4 c3 43. Rb1 Be4 44. Rc1 axb4 45. axb4 Rxb4 46. Ke1 Rb2 47. g4 Rg2 48. gxf5 Kxf5 49. Be2 Rg1+ 50. Bf1 Bd3 0-1